Bệnh đạo ôn hại lúa và biện pháp phòng trừ
Giới thiệu một số đặc điểm sinh học chính của cây lúa; bệnh đạo ôn hại lúa cùng một số phương pháp nghiên cứu nấm Pyricularia Oryzae và bệnh đạo ôn
Tallennettuna:
| Päätekijä: | |
|---|---|
| Aineistotyyppi: | Kirja |
| Kieli: | Undetermined |
| Julkaistu: |
Hà Nội
Nông Nghiệp
2013
|
| Aiheet: | |
| Tagit: |
Lisää tagi
Ei tageja, Lisää ensimmäinen tagi!
|
| Thư viện lưu trữ: | Trung tâm Học liệu Trường Đại học Cần Thơ |
|---|
| LEADER | 00868nam a2200205Ia 4500 | ||
|---|---|---|---|
| 001 | CTU_186018 | ||
| 008 | 210402s9999 xx 000 0 und d | ||
| 082 | |a 633.189 | ||
| 082 | |b V305 | ||
| 100 | |a Nguyễn, Văn Viên | ||
| 245 | 0 | |a Bệnh đạo ôn hại lúa và biện pháp phòng trừ | |
| 245 | 0 | |c Nguyễn Văn Viên (Chủ biên) | |
| 260 | |a Hà Nội | ||
| 260 | |b Nông Nghiệp | ||
| 260 | |c 2013 | ||
| 520 | |a Giới thiệu một số đặc điểm sinh học chính của cây lúa; bệnh đạo ôn hại lúa cùng một số phương pháp nghiên cứu nấm Pyricularia Oryzae và bệnh đạo ôn | ||
| 650 | |a Rice,Cây lúa | ||
| 650 | |x Diseases and pests,Bệnh và sâu bệnh | ||
| 904 | |i Nhựt | ||
| 980 | |a Trung tâm Học liệu Trường Đại học Cần Thơ | ||